| 000 | 00711nam a22002175i 4500 | ||
|---|---|---|---|
| 001 | 176326 | ||
| 003 | ES-MaACL | ||
| 005 | 20231111062535.0 | ||
| 008 | 110110s1974 sp |||| | spa d | ||
| 020 | _a84-277-0219-1 | ||
| 080 | _a821.134.2.09 | ||
| 100 | 1 |
_aDíaz-Plaja, Guillermo, _d1909-1984 _9162428 |
|
| 245 | 1 | 3 |
_aEl ocio atento / _cGuillermo Díaz-Plaja. |
| 260 |
_aMadrid : _bNarcea, _cD. L. 1974. |
||
| 300 |
_a337 p. ; _c19 cm. |
||
| 490 | 1 |
_aBitácora. Biblioteca del estudiante ; _v40 |
|
| 650 | 4 |
_aLiteratura española- _xHistoria y crítica _914560 |
|
| 830 | 0 |
_aBitácora. Biblioteca del estudiante ; _v40 _9181903 |
|
| 852 |
_aES-MaACL _jE-13972 _xOlim P-1892 |
||
| 999 |
_c176326 _d176326 |
||